000 00696nam a2200241 i 4500
001 C2-0133210
003 PPAK
005 20180727123317.0
008 971125s1997 my a|||| ||||| | may d
020 _a9830370410
040 _aPPAK
_beng
_cPPAK
_erda
082 0 4 _a039.992302
_223
090 0 0 _a039.992302
_bENS
_dKK
090 0 0 _a039.992302
_bENS
_dR
245 0 0 _aEnsiklopedia dunia Melayu :
_bjilid 4 kurma-Pahang
264 1 _aKuala Lumpur :
_bPiramid Perdana ,
_c1997
300 _a300 pages :
_billustrations ;
_c28 cm
336 _2rdacontent
_atext
337 _2rdamedia
_aunmediated
338 _2rdacarrier
_avolume
650 1 0 _aEncyclopedias and dictionaries
942 _ddc
_cB
999 _c41889
_d41889